| 000 | 00579nam a2200157Ia 4500 | ||
|---|---|---|---|
| 008 | 170221s9999 xx 000 0 und d | ||
| 100 | _aWendy Chan | ||
| 245 | _aExploring the Influence of Social Interaction, Pressure and Trust in a Social Media Environment on Political Participation: The Case of Occupy Central in 2014 Wendy Chan Wing Lam | ||
| 245 | _cWendy Chan, Wing Lam | ||
| 260 | _bOnline Journal of Communication and Media Technologies | ||
| 260 | _c2015 | ||
| 300 | _a5 : 4 | ||
| 650 | _xCommunication | ||
| 650 | _xMedia Arts | ||
| 856 | _uhttp://www.ojcmt.net/ | ||
| 999 |
_c307024 _d307024 |
||